| 000 | 00505nam a22001937a 4500 | ||
|---|---|---|---|
| 003 | MPLRDC | ||
| 005 | 20220104114716.0 | ||
| 008 | 210129b ||||| |||| 00| 0 eng d | ||
| 020 | _a957-32-0030-9 | ||
| 082 | _a170.8 DZXL v.100 | ||
| 100 | _a薇薇夫人 | ||
| 245 |
_a一个女人的成长 _c |
||
| 250 | _a初版二十刷 | ||
| 260 |
_a _b远流出版事业股份有限 _c1989 |
||
| 300 | _b平 | ||
| 490 | _a大众心理学全集. 100 | ||
| 650 | _a心理学总论 | ||
| 942 |
_cBK _o170.8 DZXL v.100 |
||
| 999 |
_c9605 _d9595 |
||